000 00776nam a2200229Ia 4500
005 20230109095443.0
008 131103s9999 xx 000 0 und d
020 _a9780802805225
_cRs.598
040 _aLoreto College
_beng
041 _aEnglish
082 _a821.3
_bDON-EDW
100 _aEdwards, David L.
245 _aJohn Donne
_bMan of flesh and spirit
_cDavid L. Edwards
260 _aGrand Rapids, Michigan
_bWm. B. Eerdmans Publishing Co.
_c2002
300 _axiii,368p
_b24 cm
504 _aIncludes bibliographical references and index
600 _aDonne, John
_d1572-1631
_vBiography
630 _aEnglish Literature - History and Criticism, 1572-1631
650 _aPoetry in English
_vHistory and criticism
_yEarly modern
850 _aLCLIB
942 _cBK
999 _c20323
_d70802